| 000 | 01045nam a2200253Ia 4500 | ||
|---|---|---|---|
| 999 |
_c52157 _d52157 |
||
| 001 | 19164 | ||
| 003 | GE_BSU | ||
| 005 | 20210415112028.0 | ||
| 008 | 181216s2013||||ge |||||||||||||| ||geo|| | ||
| 040 | _cGE_BSU | ||
| 041 | _ageo | ||
| 080 | _a81 Г-58 | ||
| 100 |
_aГогитидзе, Лейла _911365 |
||
| 245 |
_aИмператив как речевая стратегия / _cЛейла Гогитидзе; Научн. руков. Д. З. Гоциридзе; Батумский гос. ун-т им. Шота Руставели. Департамент грузинской филологии. |
||
| 264 |
_aБатуми, _c2013. |
||
| 300 |
_a137 გვ. ; _b 30 სმ. |
||
| 653 | _aИмператив как речевая стратегия | ||
| 653 | _aЯзыкознание | ||
| 653 | _aდისერტაცია | ||
| 653 | _aДиссертация | ||
| 653 | _aენათმეცნიერება | ||
| 700 |
_aГоциридзе, Д. З. _eНаучн. руководитель _910425 |
||
| 942 |
_cBK _2udc |
||